[Event "Edward Lasker Memorial 108th"]
[Site "New York"]
[Date "2024.12.13"]
[Round "3"]
[White "Rosenthal, Max Manuel"]
[Black "Knoff, Thomas"]
[Result "0-1"]
[WhiteElo "1997"]
[BlackElo "1875"]
[PlyCount "68"]
[EventDate "2024.12.12"]
[EventType "swiss"]
[EventRounds "7"]
[EventCountry "USA"]
[SourceTitle "CB51_2024"]
[SourceDate "2024.12.18"]
[SourceVersion "1"]
[SourceVersionDate "2024.12.18"]
[SourceQuality "1"]

1. e4 c5 2. Nf3 d6 3. d4 cxd4 4. Nxd4 Nf6 5. Nc3 g6 6. f3 Bg7 7. Be3 Nc6 8. Qd2 0-0 9. 0-0-0 d5 10. exd5 Nxd5 11. Nxc6 bxc6 12. Bd4 e5 13. Bc5 Re8 14. Bc4 Be6 15. Ne4 Qc7 16. g4 Red8 17. Qf2 Nf4 18. Bb3 Bxb3 19. axb3 Ne6 20. c3 Qb7 21. Kc2 Rd5 22. Be3 Rb8 23. b4 a5 24. Nc5 Nxc5 25. Bxc5 axb4 26. cxb4 Qa6 27. Rxd5 cxd5 28. Qd2 Qa4+ 29. Kb1 Ra8 30. Qxd5 e4 31. Rc1 exf3 32. Rd1 Qa1+ 33. Kc2 Qxb2+ 34. Kd3 Qe2# 0-1